000 00384nam a2200157Ia 4500
005 20240807062417.0
008 240806s9999||||xx |||||||||||||| ||eng||
041 _aeng
082 _a891.4309
_bMUKT
100 _aPremvrat Tiwari
245 0 _aMuktibodh ki samikcha dristhi /
_cPremvrat Tiwari
260 _bGranth Bharti Allahabad
300 _a0
650 _aHindi
942 _cBK
999 _c18141
_d18141